同じ母音の駅名 (中国地方編) - Statistics

General Stats
  • This quiz has been taken 5 times
  • The average score is 2 of 28
Answer Stats
駅名(漢字) 駅名(読み) この駅の所在地 同じ母音の駅名 % Correct
津山口 つやまぐち 岡山県 鞍馬口
50%
三見 さんみ 山口県 丹比
50%
あわくら温泉 あわくらおんせん 岡山県 赤倉温泉
25%
長門二見 ながとふたみ 山口県 大和二見
25%
南区役所前 みなみくやくしょまえ 広島県 東区役所前
25%
因幡社 いなばやしろ 鳥取県 北習志野
0%
境港 さかいみなと 鳥取県 柳井港
0%
出雲市 いずもし 島根県 水落
0%
大寺 おおてら 島根県 塔寺
0%
亀嵩 かめだけ 島根県 金上
0%
戸田小浜 とだこはま 島根県 小屋の畑
0%
南大東 みなみだいとう 島根県 南橋本
0%
美作土居 みまさかどい 岡山県 北中込
0%
柱野 はしらの 山口県 刈和野
0%
南岩国 みなみいわくに 山口県 東岩槻
0%
安芸川尻 あきかわじり 広島県 上片桐
0%
安芸幸崎 あきさいざき 広島県 阿品東
0%
安芸長浜 あきながはま 広島県 柏たなか
0%
神辺 かんなべ 広島県 三ヶ根
0%
小屋浦 こやうら 広島県 螢田
0%
新広 しんひろ 広島県 新城
0%
天神川 てんじんがわ 広島県 天神山
0%
中野東 なかのひがし 広島県 長堀橋
0%
東広島 ひがしひろしま 広島県 飛騨一ノ宮
0%
比治山下 ひじやました 広島県 紀伊長島
0%
備後落合 びんごおちあい 広島県 新道東
0%
備後庄原 びんごしょうばら 広島県 新所沢
0%
袋町 ふくろまち 広島県 鶴泊
0%
No matching quizzes found
Score Distribution
Percent of People with Each Score
Percentile by Number Answered
Your Score History
You have not taken this quiz